Los Angeles Geography - Statistics

General Stats
  • This quiz has been taken 649 times
  • The average score is 14 of 24
Answer Stats
Hint Answer % Correct
LA airport's 3-letter code LAX
96%
City that has the zip code 90210 Beverly Hills
94%
County located just south of Los Angeles County Orange
88%
Suburb home to Disneyland Anaheim
87%
Film related theme park {Universal} Studios
84%
City N.W.A and Dr. Dre came "straight outta" of Compton
81%
Street of the above known for luxury brand stores {Rodeo} Drive
80%
"Quiet beach community" Miley Cyrus sang a song about Malibu
77%
Beach neighborhood with canals Venice Beach
77%
Boulevard famous for its "strip" of nightclubs Sunset
65%
Coastal city I-10 terminates Santa Monica
61%
Most famous observatory Griffith
59%
What the "Hollywood Sign" originally said Hollywoodland
56%
Tar pits that trapped thousands of prehistoric animals La Brea
53%
Home town of Snoop Dogg Long Beach
53%
Valley the Valley Girls are from San Fernando
51%
21 mi road or a 2001 movie {Mulholland} Drive
50%
Neighborhood of 1965 race riots Watts
40%
Rams' and Chargers' home stadium {SoFi} Stadium
37%
Neighbourhood north of the above known for celebrity homes Bel-Air
31%
Museum in Brentwood The {Getty}
29%
Neighborhood where the University of California is located Westwood
29%
Building that was designed by Frank Gehry Walt Disney {Concert} {Hall}
20%
What East Hollywood is north of Koreatown
12%
No matching quizzes found
Score Distribution
Percent of People with Each Score
Percentile by Number Answered
Your Score History
You have not taken this quiz